000 00616nam a22002057a 4500
005 20150515143810.0
010 _aENG-112681
020 _c100.00
_a9788123763668
035 _aEN-96213
037 _bDBAD/PUB
082 _a501
100 _aSarukkai, Sundar
245 0 0 _aWhat is science ? /
_cby Sundar Sarukkai
260 _aNew Delhi
_bNational Book Trust
_c2012
270 _aNehru Bhawan, 5 Institutional Area, Phase-ll Vasant Kunj
_bNew Delhi
_e110070
300 _axiv,229p.
_c22cm(pbk)
490 _aPopular readers'series
500 _aIncludes index
942 _2ddc
_cEN
_mSAR
_h501
999 _c92920
_d92920